Damso - Feu de bois - Paroles - Statistiques

Statistiques générales
  • Ce quiz a été pris 1 140 fois
  • Le résultat moyen est 316 sur 498
Statistiques - réponses
Réponse % Correct
bois
100%
de
100%
feu
100%
je
99%
te
94%
jeu
93%
moi
91%
toi
89%
veux
87%
a
85%
à
85%
nous
85%
un
85%
jeux
83%
suis
82%
voix
82%
fuis
81%
des
79%
tu
79%
pas
78%
ce
77%
que
77%
trois
76%
le
74%
deux
72%
la
72%
fait
71%
me
71%
mon
70%
vois
70%
et
67%
ta
67%
plus
66%
est
65%
si
65%
fais
63%
baby
62%
dis
61%
en
61%
ou
61%
61%
quand
61%
du
60%
c'est
59%
sur
59%
d'en
58%
pense
58%
oh
57%
qu'on
57%
sais
57%
t'as
57%
tas
57%
mot
56%
on
56%
temps
56%
tête
56%
vrai
56%
Dieu
55%
doigt
55%
sans
55%
t'y
55%
coup
54%
dans
54%
prend
54%
silence
54%
c'que
53%
dire
53%
dit
53%
douche
53%
penses
53%
qu'il
53%
vraiment
53%
faut
52%
long
52%
dois
51%
fée
51%
penser
51%
quoi
51%
bruit
50%
j'agonise
50%
j'ai
50%
l'eau
50%
n'as
50%
n'sais
50%
voit
50%
crois
49%
sentiments
49%
suis-moi
49%
absence
48%
bien
48%
fuis-moi
48%
mouilles
48%
qu'tu
48%
aidez-nous
47%
l'alcoolisme
47%
nage
47%
tes
47%
aidez-moi
46%
bouche
46%
joie
46%
j'sais
46%
prends
46%
déjà
45%
dos
45%
entre
45%
fils
45%
mots
45%
négro
45%
prison
45%
toit
45%
touches
45%
apprentissage
44%
bavardait
44%
blanche
44%
compliment
44%
crache
44%
j'suis
44%
parle
44%
père
44%
règles
44%
soit
44%
page
43%
peu
43%
rideau
43%
toujours
43%
vis
43%
l'ego
42%
n'tiens
42%
ouais
42%
travers
42%
Montre-moi
41%
rois
41%
sage
41%
très
41%
attente
40%
figeant
40%
grandissants
40%
j'obtiens
40%
j'te
40%
t'accouches
40%
t'observes
40%
creux
39%
parles
39%
tise
39%
nightzer
38%
relation
37%
sûre
37%
les
36%
mais
36%
dedans
35%
même
35%
passer
34%
rayon
34%
be-her
33%
dehors
33%
essayer
33%
l'âge
33%
latences
33%
lettres
33%
mal
33%
mépris
33%
n'est
33%
plein
33%
s'effrite
33%
tout
33%
vu
33%
brûlé
32%
fragilité
32%
nos
32%
prouver
31%
savait
31%
soleil
31%
t'aime
31%
mille
30%
passait
30%
allait
28%
t'aies
28%
l'oseille
27%
lune
27%
ba-baby
26%
queue
26%
devants
25%
parole
25%
j'écris
24%
l'océan
24%
plongés
24%
pour
24%
suivi
24%
j's'rai
23%
tant
23%
l'néant
22%
qu'une
22%
averses
21%
j'aime
21%
aux
20%
d'un
20%
gondole
20%
yeux
20%
pluie
19%
sont
19%
femmes
18%
filles
18%
l'prix
18%
brume
16%
d'hommes
15%
fumée
8%
ressentiments
2%
Aucun quiz correspondant
Distribution des résultats
% des personnes avec chaque résultat
Percentile par nombre de réponses
Votre historique - résultats
Vous n’avez pas pris ce quiz